<?xml version="1.0" encoding="UTF-8"?>
<collection xmlns="http://www.loc.gov/MARC21/slim">
    <record>
        <controlfield tag="001">107713</controlfield>
        <controlfield tag="005">20211026144128.0</controlfield>
        <datafield tag="024" ind1="7" ind2=" ">
            <subfield code="2">doi</subfield>
            <subfield code="a">10.26754/CINAIC.2021.0007</subfield>
        </datafield>
        <datafield tag="037" ind1=" " ind2=" ">
            <subfield code="a">COMPON-2021-CINAIC-0007</subfield>
        </datafield>
        <datafield tag="041" ind1=" " ind2=" ">
            <subfield code="a"></subfield>
        </datafield>
        <datafield tag="100" ind1=" " ind2=" ">
            <subfield code="a">Fonseca, David</subfield>
            <subfield code="u">Universitat Ramon Llull, España</subfield>
        </datafield>
        <datafield tag="245" ind1=" " ind2=" ">
            <subfield code="a">CreaSTEAM. Hacia la mejora de brechas en diversidad mediante la recopilación de proyectos, buenas prácticas y espacios STEAM</subfield>
        </datafield>
        <datafield tag="260" ind1=" " ind2=" ">
            <subfield code="a">Zaragoza</subfield>
            <subfield code="b">Universidad de Zaragoza, Servicio de Publicaciones</subfield>
            <subfield code="c">2021</subfield>
        </datafield>
        <datafield tag="300" ind1=" " ind2=" ">
            <subfield code="e">6</subfield>
        </datafield>
        <datafield tag="506" ind1=" " ind2=" ">
            <subfield code="a">Access copy available to the general public</subfield>
            <subfield code="f">Unrestricted</subfield>
        </datafield>
        <datafield tag="520" ind1="3" ind2=" ">
            <subfield code="a">La falta de diversidad, especialmente la desigualdad de género y el origen social son algunos de los problemas globales que podemos encontrar en diferentes sectores, pero especialmente latentes en el contexto de los campos de la Ciencia, la Tecnología, la Ingeniería (y el recientemente añadido concepto de Artes), y las Matemáticas (STEAM), desde la escuela primaria hasta el nivel universitario y, por tanto, el mercado laboral. Cuando hablamos de diversidad, nos preocupamos por atraer a personas representativas de todos los sectores de la sociedad, diferentes culturas, discapacidades, grupos étnicos, género u orientación sexual. Teniendo en cuenta el contexto descrito, el proyecto CreaSTEAM tiene como objetivo proporcionar un mapa actualizado de los recursos enfocados a la reducción de la brecha de diversidad utilizando enfoques STEAM, y cómo seleccionar de estos recursos las mejores soluciones para crear un marco que permita implementar STEAM-Labs en las escuelas. Los STEAM-Labs, como principal novedad del proyecto, fusionan las soluciones que podemos encontrar en los FAB-Labs, MEDIA-Labs, y USER-Labs, y nuestro enfoque se centra en la creación de buenas prácticas en estos espacios para promover la diversidad en STEAM, donde la diversidad también abarca la equidad de género, y la inclusión social para la promoción de las vocaciones STEAM.</subfield>
        </datafield>
        <datafield tag="540" ind1=" " ind2=" ">
            <subfield code="9">info:eu-repo/semantics/openAccess</subfield>
            <subfield code="a">by-nc-nd</subfield>
            <subfield code="u">http://creativecommons.org/licenses/by-nc-nd/3.0/es/</subfield>
        </datafield>
        <datafield tag="653" ind1="1" ind2=" ">
            <subfield code="a">Brecha en diversidad</subfield>
        </datafield>
        <datafield tag="653" ind1="1" ind2=" ">
            <subfield code="a">STEAM-Lab</subfield>
        </datafield>
        <datafield tag="653" ind1="1" ind2=" ">
            <subfield code="a">buenas prácticas educativas</subfield>
        </datafield>
        <datafield tag="653" ind1="1" ind2=" ">
            <subfield code="a">mapeado de iniciativas educativas</subfield>
        </datafield>
        <datafield tag="653" ind1="1" ind2=" ">
            <subfield code="a">innovación en educación   </subfield>
        </datafield>
        <datafield tag="653" ind1="1" ind2=" ">
            <subfield code="a">Diversity gap</subfield>
        </datafield>
        <datafield tag="653" ind1="1" ind2=" ">
            <subfield code="a">STEAM-Lab</subfield>
        </datafield>
        <datafield tag="653" ind1="1" ind2=" ">
            <subfield code="a">good educational practices</subfield>
        </datafield>
        <datafield tag="653" ind1="1" ind2=" ">
            <subfield code="a">mapping of educational initiatives</subfield>
        </datafield>
        <datafield tag="653" ind1="1" ind2=" ">
            <subfield code="a">innovation in education  </subfield>
        </datafield>
        <datafield tag="655" ind1=" " ind2="4">
            <subfield code="a">Comunicación</subfield>
        </datafield>
        <datafield tag="700" ind1=" " ind2=" ">
            <subfield code="a">García-Holgado, Alicia</subfield>
            <subfield code="u">Universidad de Salamanca, España</subfield>
        </datafield>
        <datafield tag="700" ind1=" " ind2=" ">
            <subfield code="a">García-Peñalvo, Francisco José</subfield>
            <subfield code="u">Universidad de Salamanca, España</subfield>
        </datafield>
        <datafield tag="700" ind1=" " ind2=" ">
            <subfield code="a">Jurado, Elena</subfield>
            <subfield code="u">Universitat Ramon Llull, España</subfield>
        </datafield>
        <datafield tag="700" ind1=" " ind2=" ">
            <subfield code="a">Olivella, Roger</subfield>
            <subfield code="u">Universitat Ramon Llull, España</subfield>
        </datafield>
        <datafield tag="700" ind1=" " ind2=" ">
            <subfield code="a">Amo, Daniel</subfield>
            <subfield code="u">Universitat Ramon Llull, España</subfield>
        </datafield>
        <datafield tag="700" ind1=" " ind2=" ">
            <subfield code="a">Maffeo, Giuseppe</subfield>
            <subfield code="u">Federazione Istituti Di Attività Educative, Italia</subfield>
        </datafield>
        <datafield tag="700" ind1=" " ind2=" ">
            <subfield code="a">Yigit</subfield>
            <subfield code="u">Bursa Il Milli Egitim Mudurlugu, Turquía</subfield>
        </datafield>
        <datafield tag="700" ind1=" " ind2=" ">
            <subfield code="a">Keskin</subfield>
            <subfield code="u">Bursa Il Milli Egitim Mudurlugu, Turquía</subfield>
        </datafield>
        <datafield tag="700" ind1=" " ind2=" ">
            <subfield code="a">Sevinç, Gulay</subfield>
            <subfield code="u">Sadettin Türkün Ortaokulu, Turquía</subfield>
        </datafield>
        <datafield tag="700" ind1=" " ind2=" ">
            <subfield code="a">Quass, Kirsten</subfield>
            <subfield code="u">Clemens-Brentano-Europaschule, Alemania</subfield>
        </datafield>
        <datafield tag="700" ind1=" " ind2=" ">
            <subfield code="a">Hofmann, Christian</subfield>
            <subfield code="u">Studienseminar GHRF, Alemania</subfield>
        </datafield>
        <datafield tag="773" ind1=" " ind2=" ">
            <subfield code="d">Zaragoza</subfield>
            <subfield code="g">Actas del VI Congreso Internacional sobre aprendizaje, innovación y cooperación, CINAIC 2021</subfield>
        </datafield>
        <datafield tag="856" ind1="4" ind2=" ">
            <subfield code="s">1018578</subfield>
            <subfield code="u">http://zaguan.unizar.es/record/107713/files/007.pdf</subfield>
        </datafield>
        <datafield tag="909" ind1="C" ind2="O">
            <subfield code="o">oai:zaguan.unizar.es:107713</subfield>
            <subfield code="p">comunicaciones-ponencias</subfield>
        </datafield>
        <datafield tag="970" ind1=" " ind2=" ">
            <subfield code="a">COMPON-2021-CINAIC-0007</subfield>
        </datafield>
        <datafield tag="980" ind1=" " ind2=" ">
            <subfield code="a">COMPON</subfield>
        </datafield>
    </record>

    
</collection>